Minecraft - prawda czy fałsz? - Statystyki

Ogólne statystyki
  • Ten quiz został rozwiązany 1 792 razy
    234 od ostatniego zresetowania
  • Średni wynik to 10 z 15
Statystyki odpowiedzi
Zagadnienie Odpowiedź % Poprawnych
W grze są pancerniki Prawda
89%
Najniższa kratka w normalnym świecie to 0 Fałsz
86%
Minecraft na komputerze jest pisany językiem Java Prawda
81%
Hypixel to najpopularniejszy serwer Minecraft Prawda
80%
Elytrą nie można latać wyżej niż 320 kratka Fałsz
77%
Można maksymalnie w jednym slocie posiadać 64 jajka Fałsz
75%
Powstał w 2009 Prawda
72%
żeby stworzyć kowadło są potrzebne 3 bloki żelaza oraz 3 sztabki żelaza Fałsz
70%
Minecraft jest najlepiej sprzedawaną grą na świecie Prawda
68%
Najszybciej w historii minecrafta przeszedł Dream Fałsz
67%
Aktualnie w normalnym świecie jest 53 Biomy Prawda
59%
Szefem Minecrafta jest Notch Fałsz
48%
Minecon odbywa się co roku Fałsz
39%
Limit budowania znajduje się na kratce 320 Fałsz
38%
2B2T to najstarszy serwer dalej aktywny w Minecrafcie Fałsz
21%
Nie znaleziono quizów pasujących do podanych kryteriów
Rozkład punktacji
Procent ludzi z każdym wynikiem
Percentyl według liczby udzielonych odpowiedzi
Twoja historia wyników
Nie rozwiązałeś tego quizu od ostatniego zresetowania